| 000 | 01139nam a22002417a 4500 | ||
|---|---|---|---|
| 005 | 2011021407497.0 | ||
| 008 | 110214t xxu||||| |||| 00| 0 mar d | ||
| 010 | _aMAR-20596 | ||
| 020 |
_a9788184980974 _c300.00 |
||
| 035 | _aMR-13254 | ||
| 037 | _bDBAD / PUB | ||
| 040 |
_aDPL _bMR |
||
| 082 | _a921 | ||
| 100 |
_aबुके,टीम _925957 |
||
| 245 |
_aकोल्ड स्टील / _cटीम बुके तथा बायरॉन उसी : सुभाष जोशी द्वारा अनुवादित |
||
| 246 |
_aCold Steel _bTim Bouquet and Byron Ousey |
||
| 260 |
_aपुणे _bमेहता पब्लिशिंग हाऊस _c2010 |
||
| 270 |
_a1941 सदाशिव पेठ,माडीवाले कॉलनी _bपुणे _e411030 |
||
| 300 |
_aबारा,368पृ. _c21 सेमी (अजिल्द) |
||
| 700 |
_aजोशी,सुभाष _925959 |
||
| 942 |
_2ddc _cMR _h921 _mमित्तल |
||
| 999 |
_c50628 _d50628 |
||